| 000 | 00539nam a2200217Ia 4500 | ||
|---|---|---|---|
| 008 | 160404s9999 xx 000 0 und d | ||
| 020 | _a971-0489-19-0 | ||
| 050 | _aFIL HF 5635 | ||
| 050 | _b.V35 2008 v.3 | ||
| 100 | _aValix, Conrado T. | ||
| 245 | _aFinancial accounting / | ||
| 245 | _cConrado T. Valix, Jose F. Peralta. | ||
| 260 | _aManila : | ||
| 260 | _bGIC Enterprises,. Inc., | ||
| 260 | _c2008 | ||
| 300 | _a501 pages : | ||
| 300 | _billustrations ; | ||
| 300 | _c22 cm. | ||
| 440 | _vv.3 | ||
| 650 | _aAccounting. | ||
| 999 |
_c293233 _d293233 |
||